书目信息 |
| 题名: |
筹安会"六君子"传
|
|
| 作者: | 陶菊隐 著 | |
| 分册: | ||
| 出版信息: | 北京 中华书局 1981.7 |
|
| 页数: | 164页 | |
| 开本: | 20cm | |
| 丛书名: | ||
| 单 册: | ||
| 中图分类: | K256.5 | |
| 科图分类: | ||
| 主题词: | 中国--历史--1840~1949 | |
| 电子资源: | ||
| ISBN: | ||
| 000 | 00520nam0 2200193 45 | |
| 001 | 0312221749 | |
| 005 | 20060802092205.76 | |
| 010 | @dCNY0.63 | |
| 091 | @a11018.972 | |
| 100 | @a20031222d1981 km y0chiy0120 ea | |
| 101 | @achi | |
| 200 | 1 | @a筹安会"六君子"传@AChou An Hui"Liu Jun Zi"Chuan@f陶菊隐著@FTao Ju Yin Zhu |
| 210 | @a北京@c中华书局@d1981.7 | |
| 215 | @a164页@d20cm | |
| 606 | 0 | @a中国@x历史@z1840~1949 |
| 690 | @aK256.5@v3 | |
| 701 | 0 | @a陶菊隐@4著 |
| 801 | @aCN@bTSTCL@c20060802 | |
| 905 | @dK256.5@e3 | |
| 筹安会"六君子"传/陶菊隐著.-北京:中华书局,1981.7 |
| 164页;20cm |
| ISBN :CNY0.63 |
| ● |
| 相关链接 |
|
|
|
|
正题名:筹安会"六君子"传
索取号:K256.5/3
 
预约/预借
| 序号 | 登录号 | 条形码 | 馆藏地/架位号 | 状态 | 备注 |
| 1 | 0057691 | 202084038 | 第二样本阅览室/ [索取号:K256.5/3] | 在馆 | |
| 2 | 0057692 | 001284737 | 第二借阅区/ [索取号:K256.5/3] | 在馆 | |
| 3 | 0057693 | 001284746 | 第二借阅区/ [索取号:K256.5/3] | 在馆 | |
| 4 | 0420237 | 204202371 | 密集书库/ [索取号:K256.5/3] | 在馆 | |
| 5 | 0421486 | 204214867 | 密集书库/ [索取号:K256.5/3] | 在馆 | |
| 6 | 0435387 | 204353877 | 密集书库/ [索取号:K256.5/3] | 在馆 | |
| 7 | 0435388 | 204353886 | 密集书库/ [索取号:K256.5/3] | 在馆 | |
| 8 | 0444203 | 204442031 | 密集书库/ [索取号:K256.5/3] | 在馆 |